Every UFC Champion from 2022-2023 - Statistics

General Stats
  • This quiz has been taken 410 times
  • The average score is 13 of 16
Answer Stats
Hint Answer % Correct
Lightweight (10.2022 - now) Islam Makhachev
92%
Welterweight (08.2022 - now) Leon Edwards
92%
Middleweight (10.2019 - 11.2022) Israel Adesanya
91%
Welterweight (03.2019 - 08.2022) Kamaru Usman
91%
Featherweight (12.2019 - now) Alexander Volkanovski
89%
Flyweight (07.2022 - 01.2023) [Interim to undisputed] Brandon Moreno
89%
Middleweight (11.2022 - now) Alex Pereira
87%
Bantamweight (03.2021 - now) Aljamain Sterling
87%
Light-Heavyweight (01.2023 - now) Jamahal Hill
82%
Lightweight (05.2021 - 05.2022) Charles Oliveira
81%
Bantamweight (10.2022 - 04.2023) [Interim] Petr Yan
79%
Heavyweight (05.2021 - 01.2023 Francis Ngannou
78%
Heavyweight (08.2021 - 01.2022) [Interim] Cyril Gane
77%
Light-Heavyweight (06.2022 - 11.2022) Jiri Prochazka
77%
Light-Heavyweight (10.2021 - 06.2022) Glover Texeira
36%
Flyweight (01.2022 - 01.2023) Deiveson Fegueiredo
30%
No matching quizzes found
Score Distribution
Percent of People with Each Score
Percentile by Number Answered
Your Score History
You have not taken this quiz